[Event "ARG-ch U2300"]
[Site "Tacuari"]
[Date "2018.11.18"]
[Round "4"]
[White "Garnier, Rene Augusto"]
[Black "Axarlian, Carlos"]
[Result "1-0"]
[WhiteElo "2253"]
[BlackElo "2063"]
[PlyCount "75"]
[EventDate "2018.11.16"]
[EventType "swiss"]
[EventRounds "7"]
[EventCountry "ARG"]
[SourceTitle "EXT 2020"]
[Source "ChessBase"]
[SourceDate "2019.10.17"]
[SourceVersion "1"]
[SourceVersionDate "2019.10.17"]
[SourceQuality "1"]

1. Nf3 Nf6 2. c4 g6 3. Nc3 Bg7 4. e4 d6 5. d4 0-0 6. Be2 Na6 7. h3 c5 8. d5 Nd7 9. 0-0 Nc7 10. Bf4 a6 11. a4 b6 12. Qc2 Rb8 13. Rfe1 f6 14. Bh2 Ne5 15. Nd2 Bd7 16. f4 Nf7 17. Nf3 b5 18. axb5 axb5 19. b3 Rb7 20. Ra2 Qb8 21. Bd3 bxc4 22. bxc4 Rb4 23. Kh1 Re8 24. e5 fxe5 25. fxe5 dxe5 26. Ne4 Bf5 27. Nxc5 Nd6 28. Nxe5 Bxe5 29. Bxe5 Rxc4 30. Qd2 Bxd3 31. Nxd3 Rf8 32. Qg5 Nxd5 33. Ba1 Nf5 34. Ne5 Qb4 35. Rae2 Nf4 36. Kh2 Nxe2 37. Nxg6 Ng7 38. Nxe7+ 1-0

[Event "Medellin Flores op 25th"]
[Site "Medellin"]
[Date "2018.08.04"]
[Round "2"]
[White "Martinez Romero, Martin"]
[Black "Garnier, Rene Augusto"]
[Result "1/2-1/2"]
[WhiteElo "2436"]
[BlackElo "2202"]
[PlyCount "59"]
[EventDate "2018.08.03"]
[EventType "swiss"]
[EventRounds "9"]
[EventCountry "COL"]
[SourceTitle "CBM 185 Extra"]
[Source "ChessBase"]
[SourceDate "2018.07.29"]
[SourceVersion "1"]
[SourceVersionDate "2018.07.29"]
[SourceQuality "1"]

1. Nf3 Nf6 2. c4 e6 3. d4 c5 4. e3 d5 5. Nc3 Nc6 6. a3 a6 7. dxc5 Bxc5 8. b4 Bd6 9. Bb2 0-0 10. cxd5 exd5 11. Be2 Bf5 12. 0-0 Rc8 13. b5 axb5 14. Nxb5 Bb8 15. Rc1 Re8 16. h3 h6 17. Qb3 Qe7 18. Rfd1 Ne4 19. Nbd4 Bd7 20. Rf1 Qd6 21. Rfd1 Na5 22. Qb4 Qxb4 23. axb4 Nc4 24. Ba1 Ba4 25. Re1 Bd6 26. Rb1 Na3 27. Rb2 Nc3 28. Nf5 Bf8 29. N3d4 g6 30. Ng3 1/2-1/2

[Event "ARG-ch sf 93rd"]
[Site "Buenos Aires"]
[Date "2018.05.23"]
[Round "5"]
[White "Garnier, Rene Augusto"]
[Black "Valerga, Diego"]
[Result "1/2-1/2"]
[WhiteElo "2202"]
[BlackElo "2450"]
[PlyCount "127"]
[EventDate "2018.05.19"]
[EventType "swiss"]
[EventRounds "9"]
[EventCountry "ARG"]
[SourceTitle "CBM 184 Extra"]
[Source "ChessBase"]
[SourceDate "2018.06.28"]
[SourceVersion "1"]
[SourceVersionDate "2018.06.28"]
[SourceQuality "1"]

1. e4 c6 2. d4 d5 3. exd5 cxd5 4. Bd3 Nc6 5. c3 Nf6 6. Bf4 Bg4 7. Qb3 Na5 8. Qa4+ Bd7 9. Qc2 Qb6 10. Nf3 e6 11. 0-0 Bb5 12. Bxb5+ Qxb5 13. Nbd2 Be7 14. a4 Qc6 15. Ne5 Qc8 16. h3 0-0 17. Qd3 Nc6 18. Rfe1 Nxe5 19. Bxe5 Qc6 20. g4 Nd7 21. Bg3 Bd6 22. Bxd6 Qxd6 23. Qe3 Rae8 24. f4 f6 25. Nf3 g5 26. fxg5 Qg3+ 27. Kh1 Qxh3+ 28. Nh2 Qxe3 29. Rxe3 fxg5 30. Rae1 Rf6 31. Nf3 h6 32. Kg2 Rf4 33. Rxe6 Rxg4+ 34. Kh3 Rxe6 35. Rxe6 Re4 36. Rd6 Nb6 37. Ne5 Nxa4 38. Ng4 Kf8 39. Nxh6 Nxb2 40. Nf5 Nd1 41. Rxd5 Nxc3 42. Rd8+ Re8 43. Rd7 Rb8 44. d5 Ne4 45. d6 Nf6 46. Rc7 Rd8 47. Rxb7 Rd7 48. Rb5 Kf7 49. Re5 Kg6 50. Kg3 Nh5+ 51. Kf3 Kf6 52. Ke4 g4 53. Re8 Kf7 54. Rh8 Nf6+ 55. Ke5 Rb7 56. Rc8 Rb5+ 57. Kf4 Rb4+ 58. Kg5 Ke6 59. Ng7+ Kd7 60. Rc7+ Kxd6 61. Rxa7 Nd5 62. Nf5+ Ke5 63. Ra5 Ke4 64. Kxg4 1/2-1/2

[Event "ARG-ch sf 93rd"]
[Site "Buenos Aires"]
[Date "2018.05.20"]
[Round "2"]
[White "Vinardi, Ezequiel"]
[Black "Garnier, Rene Augusto"]
[Result "0-1"]
[WhiteElo "1979"]
[BlackElo "2202"]
[PlyCount "66"]
[EventDate "2018.05.19"]
[EventType "swiss"]
[EventRounds "9"]
[EventCountry "ARG"]
[SourceTitle "CBM 184 Extra"]
[Source "ChessBase"]
[SourceDate "2018.06.28"]
[SourceVersion "1"]
[SourceVersionDate "2018.06.28"]
[SourceQuality "1"]

1. e4 c5 2. Nf3 e6 3. c4 Nc6 4. d4 cxd4 5. Nxd4 Nf6 6. Nc3 Bb4 7. Nxc6 dxc6 8. Qxd8+ Kxd8 9. Bd3 e5 10. 0-0 Be6 11. Na4 Kc7 12. f3 Rad8 13. Be2 b6 14. Be3 Rd7 15. Nc3 Bxc3 16. bxc3 c5 17. Rfd1 Rhd8 18. Rd5 Bxd5 19. cxd5 Ne8 20. f4 f6 21. Bb5 Nd6 22. Bxd7 Rxd7 23. fxe5 fxe5 24. Re1 Nxe4 25. Bf4 exf4 26. Rxe4 Rxd5 27. Rxf4 b5 28. a4 bxa4 29. Rxa4 Kb6 30. Rg4 Rd7 31. Rh4 h6 32. Kf2 Kb5 33. Re4 a5 0-1

[Event "ARG-ch sf 92nd"]
[Site "Buenos Aires"]
[Date "2017.07.15"]
[Round "6"]
[White "Garnier, Rene Augusto"]
[Black "Della Morte, Pablo"]
[Result "1-0"]
[WhiteElo "2148"]
[BlackElo "2342"]
[PlyCount "100"]
[EventDate "2017.07.10"]
[EventType "swiss"]
[EventRounds "9"]
[EventCountry "ARG"]
[SourceTitle "EXT 2018"]
[Source "ChessBase"]
[SourceDate "2017.10.13"]
[SourceVersion "1"]
[SourceVersionDate "2017.10.13"]
[SourceQuality "1"]

1. Nf3 c5 2. c4 Nc6 3. Nc3 g6 4. e3 Nf6 5. d4 cxd4 6. exd4 d5 7. cxd5 Nxd5 8. Qb3 Nxc3 9. bxc3 Bg7 10. Be2 0-0 11. 0-0 b6 12. Bf4 Bb7 13. Rac1 Rc8 14. Rfd1 Na5 15. Qb4 Bd5 16. Ba6 Bxf3 17. gxf3 Ra8 18. d5 Qd7 19. c4 Qf5 20. c5 g5 21. Bg3 h5 22. Qe4 Qxe4 23. fxe4 h4 24. Bc7 Bb2 25. Rc2 Ba3 26. c6 f6 27. h3 Bd6 28. Bxd6 exd6 29. f4 gxf4 30. Rf1 b5 31. c7 Nc4 32. c8Q Raxc8 33. Bxc8 Rxc8 34. Rxf4 Kf7 35. Rxh4 a5 36. Rg2 f5 37. Rf4 Ne3 38. Re2 Rc1+ 39. Kf2 Nd1+ 40. Kg2 Nc3 41. Rxf5+ Kg6 42. Re3 Nxe4 43. Rf4 Rc2+ 44. Kf3 Ng5+ 45. Kg3 Rc7 46. h4 Nf7 47. Re6+ Kg7 48. h5 b4 49. Kh4 Rd7 50. Rg4+ Kh7 1-0

[Event "ARG-ch sf 92nd"]
[Site "Buenos Aires"]
[Date "2017.07.14"]
[Round "5"]
[White "Julia, Ernesto"]
[Black "Garnier, Rene Augusto"]
[Result "1-0"]
[WhiteElo "2379"]
[BlackElo "2148"]
[PlyCount "75"]
[EventDate "2017.07.10"]
[EventType "swiss"]
[EventRounds "9"]
[EventCountry "ARG"]
[SourceTitle "EXT 2018"]
[Source "ChessBase"]
[SourceDate "2017.10.13"]
[SourceVersion "1"]
[SourceVersionDate "2017.10.13"]
[SourceQuality "1"]

1. g3 e5 2. Bg2 d5 3. d3 Nf6 4. a3 Nc6 5. b4 a6 6. Bb2 Be7 7. Nd2 0-0 8. c4 d4 9. Ngf3 Nd7 10. 0-0 Re8 11. Qc2 Bf8 12. Rae1 Nf6 13. e3 dxe3 14. Rxe3 Ng4 15. Re2 Bf5 16. Ne4 f6 17. Rfe1 Bg6 18. Bc1 Nd4 19. Nxd4 exd4 20. Bf4 a5 21. Nc5 Bxc5 22. bxc5 c6 23. Rxe8+ Bxe8 24. h3 Nh6 25. Bxh6 gxh6 26. Qb2 Rb8 27. Re4 b5 28. Rxd4 Qe7 29. Re4 Qf8 30. cxb5 Rxb5 31. Qd4 Bg6 32. Re6 Qxc5 33. Qxf6 Qc1+ 34. Kh2 Rf5 35. Qd4 Qxa3 36. Rxc6 Qf8 37. Bd5+ Bf7 38. Be4 1-0

[Event "ARG-ch sf U2300 Ariel Petrocelli"]
[Site "Salta"]
[Date "2017.07.08"]
[Round "1.2"]
[White "Garnier, Rene Augusto"]
[Black "Vallejo, Miguel Antonio"]
[Result "1-0"]
[WhiteElo "2148"]
[BlackElo "1766"]
[PlyCount "75"]
[EventDate "2017.07.08"]
[EventType "swiss"]
[EventRounds "6"]
[EventCountry "ARG"]
[SourceTitle "EXT 2024"]
[Source "ChessBase"]
[SourceDate "2023.10.10"]
[SourceVersion "1"]
[SourceVersionDate "2023.10.10"]
[SourceQuality "1"]

1. e4 e6 2. d4 d5 3. Nc3 Bb4 4. exd5 Bxc3+ 5. bxc3 Qxd5 6. Nf3 Nc6 7. Bd3 Nge7 8. 0-0 Bd7 9. Bf4 Rc8 10. Re1 Ng6 11. c4 Qh5 12. Bg3 0-0 13. Rb1 b6 14. Qd2 Rfd8 15. Rb5 f5 16. Rbb1 Nf8 17. d5 Ne7 18. Bxc7 Rxc7 19. d6 Neg6 20. dxc7 Rc8 21. c5 Rxc7 22. cxb6 axb6 23. Rxb6 Bc6 24. Qc3 Bxf3 25. Qxc7 Nh4 26. gxf3 Nxf3+ 27. Kf1 Nd2+ 28. Kg2 Qf3+ 29. Kg1 Qg4+ 30. Qg3 Nf3+ 31. Kf1 Nd2+ 32. Kg2 Qd4 33. Rd6 Qb4 34. c3 Qb7+ 35. f3 h5 36. Bxf5 Nc4 37. Bxe6+ Nxe6 38. Rdxe6 1-0

[Event "Antofagasta Zicosur op 3rd"]
[Site "Antofagasta"]
[Date "2017.01.14"]
[Round "7"]
[White "Pineda Polanco, Adolfo"]
[Black "Garnier, Rene Augusto"]
[Result "1-0"]
[WhiteElo "2198"]
[BlackElo "2175"]
[PlyCount "28"]
[EventDate "2017.01.10"]
[EventType "swiss"]
[EventRounds "9"]
[EventCountry "CHI"]
[SourceTitle "CBM 176 Extra"]
[Source "ChessBase"]
[SourceDate "2017.03.02"]
[SourceVersion "1"]
[SourceVersionDate "2017.03.02"]
[SourceQuality "1"]

1. e4 g6 2. d4 Bg7 3. Nc3 d6 4. Nf3 Nf6 5. h3 d5 6. e5 Ne4 7. Nxe4 dxe4 8. Ng5 c5 9. dxc5 Qa5+ 10. c3 Qxc5 11. e6 f5 12. g4 0-0 13. Be3 Qa5 14. gxf5 Rxf5 1-0